000 00377nam a2200145Ia 4500
005 20250509021909.0
008 240331s9999 xx 000 0 und d
082 _bTHA
_a891
100 _aThaadchayani,
245 0 _aOru maranamum sila manitharkalum
260 _aChennai
_bManimegalai Prasooram
_c2005
300 _aviii, 144 p .,
650 _aSirugathai Thoguppu
942 _cL
999 _c4333
_d4333